02674agaaa2200349 45000010005000000030009000050050017000140070009000310080040000400400023000800410013001031000054001161300023001702400023001932450145002162460016003612500022003772600099003993000034004985080139005325110035006715201055007065380016017615460013017776500068017907000066018587000068019247000064019929420012020569990019020689520237020876180IT-RoPAU20220918181249.0d cvaizq50131s9999||||xx ||| | || ||und|| aIT-RoPAUcIT-RoPAU aITALIANO aKurosawa AkiragCodice regista SPICS: 4968948341 aDERZU UZALA948342 aDERSU UZALAgT1807 aDERZU UZALAcSceneggiatura: Kurosawa Akira Naguibine Yurij -- Diretto da: Kurosawa AkirapDERZU UZALA (Rif. Codice opera principale : 26180) aDERSU UZALA aEdizione Standard aTOKIO (URSS-GIAPPONE)bMOSFILM - STUDIO 41 / g"1976 (1° ed.: 1984 ; Ed. Lingua Orig.: 1976)" aVHSbsonoro, col.c128 minuti a"Fotografia: Nakai A. Gantman Y.; Montaggio: Stefanova Viera; Musica: Schwartz Isaac; Sceneggiatura: Kurosawa Akira Naguibine Yurij; " a"Solomin Jurij; Munzuk Maksim" aALL'INIZIO DEL SECOLO IL CAPITANO ARSENIEV CONDUCE UNA PICCOLA SPEDIZIONE DI RICOGNIZIONI GEOGRAFICHE AI CONFINI DELLA CINA NELLA VASTA E INESPLORATAZONA DEL FIUME USSURI UNA SERA MENTRE GLI UOMINI RIPOSANO NELLA TAJGA ACCANTO AL FUOCO SI PRESENTA UN CACCIATORE ANZIANO DELLA TRIBU' DEI GOLD E' UN TIPO BIZZARRO MA PROFONDAMENTE SAGGIO ESPERTISSIMO DELLA REGIONE E ORMAI PRIVO DELLA FAMIGLIA TOLTAGLI DA UN'EPIDEMIA DI PESTE INVITATO A FUNGERE DA GUIDA DERSU ACCETTA E SI DIMOSTRA ESTREMAMENTE UTILE: INSEGNA A TUTTI I SEGRETI DELLA NATURA E SALVA LA VITA AD ARSENIEV A SUA VOLTA IL CAPITANO SALVA DERSU DALLE RAPIDE DI UN TORRENTE SEPARATISI CON DISPIACERE I DUE AMICI SI RITROVANO NEL CORSO DI UNA SECONDA SPEDIZIONE MA L'ANZIANO CACCIATORE STA DIVENENDO CIECO ARSENIEV LO CONDUCE IN CITTA' E LO OSPITA IN UNA CASA ALLA QUALE IL GOLD NON E' ABITUATO QUANDO DERSU SENTE LA NOSTALGIA DELLA TAJGA ARSENIEV GLI REGALA UN FUCILE MODERNISSIMO CHE INGOLOSIRA' UN IGNOTO BRIGANTEE COSTERA' LA VITA AL CIECO FILM A COLORIIL PICCOLO UOMO DELLE GRANDI PIANURE aPAL, STEREO aITALIANO aCRONACA POETICAeFILMS [VHS]xCodice MATERIA SPICS: 9960948343 aKurosawa Akira e(regista)gCodice regista SPICS: 4968948344 aKurosawa Akira e(soggetto)gCodice Soggetto SPICS: 4968948345 aSchwartz Isaace(musica)gCodice Musica SPICS: 30784948346 cVH2ddc c106714d106714 001040626180_00000000000000071aSPICSbSPICSd2015-01-31l0o26180r2015-01-31 00:00:00w2015-01-31yVHzProgr. Ins.: 1596 / N.Vol.:1 / Copie: 1 / Pag.: / Copia rara: NO / date import: 1.2.2015 / By Epidotti, Trombetti, Vaglietti